| 000 | 02121nam a22003854i 4500 | ||
|---|---|---|---|
| 001 | 991061739598706706 | ||
| 003 | ES-BaIT | ||
| 005 | 20260327083139.0 | ||
| 008 | 260327s2025 sp a 000 0dspa c | ||
| 017 |
_aM 18323-2025 _bOficina DL Madrid |
||
| 020 | _a9788490415191 | ||
| 020 | _a8490415196 | ||
| 040 |
_aES-BaIT _bcat _erda _cES-BaIT |
||
| 080 | _a793.22(460).07 | ||
| 245 | 0 | 0 |
_aNarciso Hurtado de Córdoba : _bla huella de un bailarín errante / _cedición a cargo de: Mª José González Ribot, Pilar Sanz Corral y Marina Bollaín Pérez-Mínguez |
| 264 | 1 |
_aMadrid : _bCentro de Documentacion de las Artes Escénicas y de la Música. CDAEM-INAEM, 2025 |
|
| 300 |
_a251 pàgines : _bil·lustracions ; _c20x20 cm |
||
| 336 |
_atext _btxt _2rdacontent |
||
| 336 |
_aimatge fixa _bsti _2rdacontent |
||
| 337 |
_asense mediació _bn _2rdamedia |
||
| 338 |
_avolum _bnc _2rdacarrier |
||
| 500 | _aInclou índex d'imatges | ||
| 520 | _a"Pese a haber gozado durante décadas de una popularidad que lo llevó a actuar en países de todo el mundo, la figura del bailarín Narciso Hurtado de Córdoba, bien podría haber pasado al olvido de no ser por una concatenación de casualidades. El fortuito hallazgo de dos maletas que contenían lo que quedaba de su legado vital y artístico (objetos, recuerdos, recorte, documentos y sobre todo fotografías, cientos de fotografías), así como su posterior traslado y custodia en el archivo del CDAEM, son descritos en este libro..." -- Contracoberta | ||
| 530 | _aTambé disponible la versió en línia | ||
| 600 | 1 | 0 |
_aHurtado de Córdoba, Narciso _9169170 |
| 650 | 0 |
_aBallarins de dansa espanyola _yS. XX _vBiografia _9155571 |
|
| 650 | 0 |
_aCoreògrafs de dansa espanyola _yS. XX _vBiografia _9169171 |
|
| 700 | 1 |
_aBollaín Pérez-Mínguez, Marina _9169172 _e editor literari |
|
| 700 | 1 |
_aGonzález Ribot, Mª José _922937 _e editor literari |
|
| 700 | 1 |
_aSanz Corral, Pilar _9169173 _e editor literari |
|
| 856 | 4 | 1 |
_zAccés lliure _uhttps://www.musicadanza.es//contenidos/narciso-hurtado.pdf |
| 908 | _aCDMAE | ||
| 940 | _aCDMAE | ||
| 942 |
_2udc _cDIGITAL |
||
| 999 |
_c137329 _d137329 |
||